00445 2200145 4500001002100000005001500021035002000036007000300056008004100059100002200100245010300122260003500225300001800260651002100278INLIS00000000000061020260422094126 a0010-0426000009ta260422 | u ind 0 aSarintang SP.M.Si1 aPendampingan Penerapan Standar Peningkatan Mutu Produk Kementerian Pertanian /cSarintang SP,,M.Si aMakassar :bBRMP SulSel,c2025 aP.21 :b28 cm 4aLaporan proposal